| 000 | 00507nam a22001697a 4500 | ||
|---|---|---|---|
| 003 | CEME | ||
| 005 | 20210628205434.0 | ||
| 008 | 210316b xxu||||| |||| 00| 0 eng d | ||
| 020 | _a0-02-801318-2 | ||
| 040 | _c. | ||
| 082 | _a004 NOR'P | ||
| 100 |
_aNorton, Peter _95031 |
||
| 245 | _aPeter norton's introduction to computers includes optional computer activities for dos, windows, and norton desktop for windows | ||
| 260 |
_aLONDON _bGLENCOE DIVISION _c1995 |
||
| 300 | _aXXV, 566P | ||
| 942 |
_cBK _2ddc |
||
| 999 |
_c580952 _d580952 |
||